| 000 | 00341nam a22001337a 4500 | ||
|---|---|---|---|
| 008 | 190227b xxu||||| |||| 00| 0 eng d | ||
| 020 | _a9780944210628 | ||
| 041 | _aeng | ||
| 080 | _a371 | ||
| 100 | _a25 | ||
| 101 | _aEDU | ||
| 245 |
_aTaking Charge of my Life. Personal Essays by Today's College Students _cGutierrez, R |
||
| 942 |
_2udc _cBK |
||
| 999 |
_c54373 _d54373 |
||